000 00916nam a2200241 a 4500
001 74219
003 BD-RjUL
005 20211209082520.0
008 180404s2016 bg ||||| b||| 00| 0bben d
020 _cTk.300.00
035 _a(BD-RjUL)74437
040 _aBD-RjUL
_beng
_cBD-RjUL
041 _aben
082 _223
_a891.440922
_bUDB 2016
100 1 _aউদ্দিন, মোঃ জালাল
_9220934
245 1 0 _aবাংলা সাহিত্যের সোনালি নক্ষত্র /
_cমোঃ জালাল উদ্দিন,
260 _aনওগাঁ :
_bসাহিদা ম্যানসন ,
_c২০১৬
300 _a২৪৮ পৃ. ;
_c২২ সেমি.
504 _aগ্রন্থপঞ্জী সংযোজিত
650 _aসাহিত্যিক
_vজীবনী
_9220935
650 _aLiteratue
_vBibliography
_9220936
942 _2ddc
_cBK
999 _c74219
_d74219